000 00887nam a2200265Ia 4500
003 OSt
005 20220928124000.0
006 a|||||r|||| 00| 0
007 ta
008 220927b |||||||| |||| 00| 0 eng d
020 _cEURO 119.99
024 _a139550
037 _b29, 06/02/2019, Excel Book International
_cTextual
040 _aSDCL
_cSDCL
_beng
041 _2eng
_aeng
082 _aX6:(D6,8(B)), Q7
100 _aNicoletti Bernardo
_9462971
245 0 _aFuture of finTech
_b Integrating finance and technology in financial services
260 _aSwitzerland
_bPalgave macmillan
_c2017
300 _axv,328p.
_ccm.
490 _aPalgrave studies in financial services technology
650 _aFinancial Studies
942 _hX6:(D6,8(B)), Q7
_cTEXL
_2CC
999 _c775923
_d775923